000 01633nam0a2200325 4500
001 RU\NLR\bibl\1258543
005 20260407080050.0
021 _aRU
_b2008-43979
_92434
035 _a(NLR Aleph) 001244559
090 _a280261
_c280261
100 _a20080804d2007 |||y0rusy50 ca
101 0 _arus
102 _aRU
105 _aa |||||||||
200 1 _aОрганизация профилактики и реабилитации безнадзорных детей
_eкурс лекций для студентов специальности 040101 Социальная работа очной и заочной форм обучения
_f[С.В. Горева]
_gФедер. агентство по образованию, ГОУ ВПО "Сиб. гос. технол. ун-т"
210 _aКрасноярск
_cСибГТУ
_d2007
215 _a95 с.
_cсхем.
_d21
300 _aАвт. указан на обл.
320 _aБиблиогр.: с. 83-87 (38 назв.)
606 1 _aДетская безнадзорность
_jУчебные издания для высших учебных заведений
_91133633
_3RU\NLR\auth\66131389
686 _aС550.325.2я73
686 _aЧ34(2)463я73
700 1 _aГорева
_bС. В.
_gСветлана Викторовна
_4070
712 0 2 _4570
_aСибирский государственный технологический университет
_cКрасноярск
_3RU\NLR\AUTH\884604
_9280751
801 0 _aRU
_bNLR
_c20080804
_gRCR
801 1 _aRU
_bNLR
_c20080804
830 _aавт. по кн.
942 _cBOOK
980 _aNB